LIBRARY & INFORMATION CENTRE, KCAET, TAVANUR

ONLINE PUBLIC ACCESS CATALOGUE (OPAC)

Normal view MARC view
  • Bourgin, A

Entry Personal Name

Number of records used in: 1

001 - CONTROL NUMBER

  • control field: 7739

003 - CONTROL NUMBER IDENTIFIER

  • control field: OSt

005 - DATE AND TIME OF LATEST TRANSACTION

  • control field: 20250820161421.0

008 - FIXED-LENGTH DATA ELEMENTS

  • fixed length control field: 250820|| aca||aabn | a|a d

040 ## - CATALOGING SOURCE

  • Original cataloging agency: OSt
  • Transcribing agency: OSt

100 ## - HEADING--PERSONAL NAME

  • Personal name: Bourgin, A

670 ## - SOURCE DATA FOUND

  • Source citation: Work cat.: (OSt)5451: Bourgin, A ., Design of dams / , 1953.
free website counter